000 00848cam a22002291 4500
001 2162454
003 OSt
005 20170424110501.0
008 730522s1926 nyu 000 0 eng
010 _a 26012381
040 _aDLC
_cDLC
_dDLC
050 0 0 _aPN1042
_b.U6
100 1 _aUntermeyer, Louis,
_d1885-1977.
245 1 4 _aThe forms of poetry;
_ba pocket dictionary of verse,
_cby Louis Untermeyer.
260 _aNew York,
_bHarcourt, Brace & company,
_c1926.
300 _a3 p., l., v-vii, 166 p.
_c20 cm.
505 0 _aPoetry (six definitions)--Foreword.--A handbook of poetic terms.--The forms of poetry.--A brief outline of English poetry.--A summarized bibliography (p. 159-163)
650 0 _aPoetics.
650 0 _aEnglish poetry
_xHistory and criticism.
906 _a7
_bcbc
_corignew
_du
_eocip
_f19
_gy-gencatlg
942 _2lcc
_cBK
999 _c256384
_d256383